000 00501nam a2200169 i 4500
001 50186
003 ES-MaACL
005 20230906162134.0
007 t|
008 030731s1954 sp ||||1| spa d
100 1 _aCronin, A. J.
_941692
245 1 0 _aMás allá del silencio /
_cA. J. Cronin ; [versión española de Antonio Ribera].
260 _aBarcelona :
_bExito,
_c[1954] (
_fDuplex)
300 _a292 p. ;
_c20 cm.
700 1 _aRibera, Antonio.
_996769
852 _aES-MaACL
_jC-8205
_bR.36123
999 _c50186
_d50186